Manual de seguridad social para patrones y dictaminadores

Detalles Bibliográficos
Autores Corporativos: Instituto Mexicano de Contadores Pb︢licos, Comisin̤ de Seguridad Social Colegio de Contadores Pb︢licos de Mx̌ico
Formato: Desconocido
Publicado: Mx̌ico: Instituto Mexicano de Contadores Pb︢licos, 2007.
Materias:
Acceso en línea:Acceso restringido

MARC

LEADER 00000ny aa2200000n 44500
005 20110503120327.0
008 110503s mx 000 0 spa d
020 |a 9789706652867 
035 |a 5390 
040 |a vLex 
090 |c 2098  |d 2098 
245 0 0 |a Manual de seguridad social para patrones y dictaminadores   |c Instituto Mexicano de Contadores Pb︢licos, Comisin̤ de Seguridad Social Colegio de Contadores Pb︢licos de Mx̌ico  |h [Recurso electrn̤ico] / 
256 |a Servicio en ln̕ea 
260 |a Mx̌ico:  |b Instituto Mexicano de Contadores Pb︢licos,  |c 2007. 
300 |a 1 recurso electrn̤ico 
506 1 |a Contenido solo disponible en los productos indicados  |d vLex Global  |d vLex Global (Academic Edition, excluding Law Schools)  |d vLex Global (U.S. Academic Edition, Law Schools)  |d vLex Global (U.S. Academic Edition, excluding Law Schools)  |d vLex Global (Academic Edition, Law Schools) 
650 0 4 |a Seguridad social 
710 2 |a Instituto Mexicano de Contadores Pb︢licos 
710 2 |a Comisin̤ de Seguridad Social Colegio de Contadores Pb︢licos de Mx̌ico 
740 0 |a vLex Libros (Servicio en ln̕ea) 
856 4 0 |u http://vlex.com/source/manual-seguridad-social-patrones-dictaminadores-5390  |z Acceso restringido 
942 |c BOOK